Jīvani joti / (Record no. 89480)

MARC details
000 -LEADER
fixed length control field 00612cam a22002531 4500
001 - CONTROL NUMBER
control field sa 68020529
003 - CONTROL NUMBER IDENTIFIER
control field DLC
005 - DATE AND TIME OF LATEST TRANSACTION
control field 20260227112725.0
008 - FIXED-LENGTH DATA ELEMENTS--GENERAL INFORMATION
fixed length control field 930224s1966 ii 000 0 sndo
010 ## - LIBRARY OF CONGRESS CONTROL NUMBER
LC control number sa 68020529
020 ## - INTERNATIONAL STANDARD BOOK NUMBER
Terms of availability Rs2.00
025 ## - OVERSEAS ACQUISITION NUMBER
Overseas acquisition number PL480 : I-Si-319
035 ## - SYSTEM CONTROL NUMBER
System control number (OCoLC)28264294
040 ## - CATALOGING SOURCE
Original cataloging agency DLC
Transcribing agency ICU
Modifying agency DLC
042 ## - AUTHENTICATION CODE
Authentication code premarc
050 00 - LIBRARY OF CONGRESS CALL NUMBER
Classification number BD435
Item number .B38
100 1# - MAIN ENTRY--PERSONAL NAME
Personal name Basant, Tirath.
245 10 - TITLE STATEMENT
Title Jīvani joti /
Statement of responsibility, etc. Lekakha Tīrath Basant.
260 ## - PUBLICATION, DISTRIBUTION, ETC.
Place of publication, distribution, etc. New Delhi,
Date of publication, distribution, etc. 1966 or 7.
300 ## - PHYSICAL DESCRIPTION
Extent 86 p.
Dimensions 18 cm.
500 ## - GENERAL NOTE
General note Cover title.
500 ## - GENERAL NOTE
General note In Sindhi.
650 #0 - SUBJECT ADDED ENTRY--TOPICAL TERM
Topical term or geographic name entry element Life.

No items available.

Powered by Koha